World Leaders in WWI - Statistics

General Stats
  • This quiz has been taken 29 times
  • The average score is 11 of 46
Answer Stats
Side Country Position Dates Answer % Correct
Allies Russia Emperor 1894-1917 Nicholas II
76%
Allies United Kingdom Prime Minister 1916-1922 David Lloyd George
71%
Allies United States President 1913-1921 Woodrow Wilson
71%
Central Powers Austria-Hungary Emperor 1848-1916 Francis Joseph I
67%
Allies United Kingdom King 1910-1936 George V
67%
Allies Montenegro King 1910-1918 Nicholas I
62%
Allies Italy King 1900-1946 Victor Emmanuel III
57%
Central Powers Germany Emperor 1888-1918 Wilhem II
57%
Allies Belgium King 1909-1934 Albert I
48%
Allies Romania King 1914-1927 Ferdinand I
48%
Central Powers Bulgaria King 1908-1918 Ferdinand I
48%
Central Powers Austria-Hungary Emperor 1916-1918 Charles I
43%
Allies Greece King 1913-1917 Constantine I
43%
Allies Greece King 1917-1920 Alexander
38%
Allies United Kingdom Prime Minister 1908-1916 Herbert Asquith
33%
Central Powers Ottoman Empire Sultan 1909-1918 Mehmed V
33%
Allies Serbia King 1908-1918 Peter I
33%
Allies Andorra Co-Princes 1913-1920 Raymond Poincare
19%
Allies France President 1913-1920 Raymond Poincare
19%
Allies Japan Emperor 1912-1926 Taisho
19%
Central Powers Darfur Sultan 1898-1916 Ali Dinar
14%
Allies Njed and Hasa Emir 1903-1921 Ibn Saud
14%
Allies Italy Prime Minister 1917-1919 Vittorio Orlando
14%
Allies Italy Prime Minister 1914-1916 Antonio Salandra
10%
Central Powers Germany Chancellor 1918 Max von Baden
10%
Central Powers Ottoman Empire Grand Vizier 1917-1918 Mehmed Talaat
10%
Allies Russia Prime Minister 1916-1917 Alexander Trepov
5%
Allies Belgium Prime Minister 1911-1918 Charles de Broqueville
5%
Allies Belgium Prime Minister 1918 Gerard Cooreman
5%
Allies Andorra Co-Princes 1907-1919 Juan Benlloch i Vivo
5%
Allies Asir Emir 1908-1920 Muhammad ibn Ali al-Idrisi
5%
Allies Italy Prime Minister 1916-1917 Paolo Boselli
5%
Central Powers Ottoman Empire Grand Vizier 1913-1917 Said Halim
5%
Central Powers Bulgaria Prime Minister 1918 Aleksandar Malinov
0%
Allies Russia Prime Minister 1916 Boris Shtyurmer
0%
Central Powers Germany Chancellor 1917 Georg Michaelis
0%
Central Powers Germany Chancellor 1917-1918 Georg von Hertling
0%
Allies Japan Prime Minister 1918-1921 Hara Takashi
0%
Allies Russia Prime Minister 1914-1916 Ivan Goremykin
0%
Allies Russia Prime Minister 1917 Nikolai Golitsyn
0%
Allies Serbia Prime Minister 1912-1918 Nikola Pasic
0%
Allies Japan Prime Minister 1914-1916 Okuma Shigenobu
0%
Allies Japan Prime Minister 1916-1918 Terauchi Mastake
0%
Central Powers Germany Chancellor 1909-1917 Theobald von Bethmann-Hollweg
0%
Central Powers Bulgaria Prime Minister 1913-1918 Vasil Radoslavov
0%
Allies Brazil President 1914-1918 Venceslau Bras
0%
No matching quizzes found
Score Distribution
Percent of People with Each Score
Percentile by Number Answered
Your Score History
You have not taken this quiz